Online
Catalog

Organización judicial en la República Dominicana desde 1844 : (Record no. 50467)

MARC details
000 -CABECERA
campo de control de longitud fija 02277nam a2200361 i 4500
003 - IDENTIFICADOR DEL NÚMERO DE CONTROL
campo de control DO-SdBNP
005 - FECHA Y HORA DE LA ÚLTIMA TRANSACCIÓN
campo de control 20251204073702.0
007 - CAMPO FIJO DE DESCRIPCIÓN FÍSICA--INFORMACIÓN GENERAL
campo de control de longitud fija ta
008 - DATOS DE LONGITUD FIJA--INFORMACIÓN GENERAL
campo de control de longitud fija 210909e2017 a|||| |||| 001 0dspa d
040 ## - FUENTE DE LA CATALOGACIÓN
Centro catalogador/agencia de origen DO-SdBNP
Lengua de catalogación spa
Centro/agencia transcriptor BNPHU
Normas de descripción rda
041 ## - CÓDIGO DE LENGUA
Código de lengua del texto/banda sonora o título independiente spa
082 #4 - NÚMERO DE LA CLASIFICACIÓN DECIMAL DEWEY
Número de clasificación 347.7293013
Número de documento/Ítem F897o
Número de edición 22
100 1# - ENTRADA PRINCIPAL--NOMBRE DE PERSONA
Nombre de persona Frías López, José Ramón,
Término indicativo de función/relación autor
Código de función/relación aut.
9 (RLIN) 79820
245 10 - MENCIÓN DE TÍTULO
Título Organización judicial en la República Dominicana desde 1844 :
Resto del título estructura, composición y competencia /
Mención de responsabilidad, etc. José Ramón Frías López ; prólogo, Édynson Alarcón
264 #1 - PRODUCCIÓN, PUBLICACIÓN, DISTRIBUCIÓN, FABRICACIÓN Y COPYRIGHT
Producción, publicación, distribución, fabricación y copyright Santo Domingo :
Nombre del de productor, editor, distribuidor, fabricante Serigraf,
Fecha de producción, publicación, distribución, fabricación o copyright 2017.
300 ## - DESCRIPCIÓN FÍSICA
Extensión 521 páginas :
Otras características físicas ilustraciones, mapas ;
Dimensiones 23 cm.
336 ## - TIPO DE CONTENIDO
Término de tipo de contenido texto
Código de tipo de contenido txt
Fuente rdacontent
337 ## - TIPO DE MEDIO
Nombre/término del tipo de medio sin mediación
Código del tipo de medio n
Fuente rdamedia
338 ## - TIPO DE SOPORTE
Nombre/término del tipo de soporte volumen
Código del tipo de soporte nc
Fuente rdacarrier
500 ## - NOTA GENERAL
Nota general Incluye referencias bibliográficas y notas al pie de las paginas.
504 ## - NOTA DE BIBLIOGRAFÍA, ETC.
Nota de bibliografía, etc. Bibliografía : páginas 513-516
505 0# - NOTA DE CONTENIDO CON FORMATO
Nota de contenido con formato Primera parte generalidades--
Título Capítulo I. El Poder Judicial --
-- Capítulo II. Carrera Judicial --
-- Capítulo III. Ley organización judicial y su modificaciones --
-- Capítulo IV. Consejo Nacional de la Magistratura --
-- Capítulo V. Control constitucional --
505 ## - NOTA DE CONTENIDO CON FORMATO
Nota de contenido con formato Segunda parte. Organización judicial y sus modificaciones --
Título Capítulo VI. La Suprema Corte de Justicia --
-- Capítulo VII. El Consejo del Poder Judicial --
-- Capítulo VIII. Las Cortes de Apelación --
-- Capítulo IX. Los Juzgado de Primera Instancia --.
-- Capítulo X. Los Juzgados de Paz --
-- Capítulo XI. Las Jurisdicciones Especializadas --
-- Capítulo XII. El Tribunal Superior Electoral --
505 ## - NOTA DE CONTENIDO CON FORMATO
Nota de contenido con formato Tercera parte. Otros órganos relacionados al Poder Judicial
Título Capítulo XIII. El Ministerio Público --
-- Capítulo XIV. La Oficina Nacional de la Defensa Pública --
-- Capítulo XV. El Defensor del Pueblo --
-- Anexo.
590 ## - NOTA LOCAL (RLIN)
Nota local Inventariado, 2021 /SA
590 ## - NOTA LOCAL (RLIN)
Nota local La biblioteca posee 1 ejemplar autografiado por el autor
650 #4 - PUNTO DE ACCESO ADICIONAL DE MATERIA--TÉRMINO DE MATERIA
Término de materia o nombre geográfico como elemento de entrada Poder judicial
Subdivisión geográfica República Dominicana
9 (RLIN) 79821
650 #4 - PUNTO DE ACCESO ADICIONAL DE MATERIA--TÉRMINO DE MATERIA
Término de materia o nombre geográfico como elemento de entrada Tribunales
Subdivisión geográfica República Dominicana
Subdivisión cronológica 1844
9 (RLIN) 79822
650 #0 - PUNTO DE ACCESO ADICIONAL DE MATERIA--TÉRMINO DE MATERIA
Término de materia o nombre geográfico como elemento de entrada Administración de justicia
Subdivisión geográfica República Dominicana.
Subdivisión cronológica 1844
9 (RLIN) 10083
700 ## - PUNTO DE ACCESO ADICIONAL--NOMBRE DE PERSONA
Nombre de persona Alarcón, Edynson,
Término indicativo de función/relación prologuista
Código de función/relación pr.
9 (RLIN) 79836
910 ## - DATOS DE OPCIÓN DEL USUARIO (OCLC)
Datos de opción del usuario saquino/Validado. Control de calidad MFF
942 ## - ELEMENTOS DE PUNTO DE ACCESO ADICIONAL (KOHA)
Fuente del sistema de clasificación o colocación Dewey Decimal Classification
Tipo de ítem Koha Libro
Holdings
Estado de retiro Estado de pérdida Fuente del sistema de clasificación o colocación Restricciones de uso No para préstamo Código de colección Localización permanente Ubicación/localización actual Ubicación en estantería Fecha de adquisición Fuente de adquisición Signatura topográfica completa Código de barras Fecha visto por última vez Precio válido a partir de Tipo de ítem Koha Número de copia
    Dewey Decimal Classification Excluido de préstamo   Patrimonio Dominicano Biblioteca Nacional Pedro Henríquez Ureña Biblioteca Nacional Pedro Henríquez Ureña Depósito 20.02.2019 Deposito Legal BNPHU PD 347.7293013 F897o 2021-26305 09.09.2021 09.09.2021 Libro  
    Dewey Decimal Classification Excluido de préstamo   Patrimonio Dominicano Biblioteca Nacional Pedro Henríquez Ureña Biblioteca Nacional Pedro Henríquez Ureña Depósito 20.02.2019 Deposito Legal BNPHU PD 347.7293013 F897o 2021-26306 09.09.2021 09.09.2021 Libro e.2
    Dewey Decimal Classification Préstamo en sala   Monografías: Libros y Folletos Biblioteca Nacional Pedro Henríquez Ureña Biblioteca Nacional Pedro Henríquez Ureña Depósito 20.02.2019 Deposito Legal BNPHU DS 347.7293013 F897o 2021-26325 10.09.2021 10.09.2021 Libro e.3

Powered by Koha